Kökler : (Record no. 15308)

MARC details
000 -BAŞLIK
Sabit Uzunlukta Kontrol Alanı 00816nam a22002657a 4500
999 ## - SİSTEM KONTROL NUMARALARI (KOHA)
Koha Biblionumber 15308
Koha Biblioitemnumber 15308
003 - KONTROL NUMARASI IDENTIFIER
Denetim Alanı MIRAKIL
005 - SON İŞLEM TARİHİ VE ZAMANI
Denetim Alanı 20240207115628.0
008 - SABİT-BOY VERİ ELEMANLARI - GENEL BİLGİLER
Sabit Uzunlukta Kontrol Alanı 240207b tu ||||| |||| 00| 0 tur d
020 ## - ULUSLARARASI STANDART KİTAP NUMARASI
Uluslararası Standart Kitap Numarası 9789944612661
040 ## - KATALOGLAMA KAYNAK
Orijinal Kataloglama Ajansı TR-AnCHP
Metne Dönüştürmek Ajansı TR-AnCHP
041 ## - DİL KODU
Metin / Ses Parça Veya Ayrı Başlığın Dil Kodu Türkçe
082 ## - DEWEY ONLU SINIFLANDIRMA NUMARASI
Sınıflandırma Numarası 324.209561
Ürün Numarası E56K 2020
090 ## - SINIFLAMA NUMARASI
Sınıflama Numarası 324.209561 E56K 2020
100 ## - ANA GİRİŞ - KİŞİSEL İSİM
Kişisel Ad Emre, Yunus
245 10 - BAŞLIK TABLOSU
Başlık Kökler :
Başlığın Kalan CHP, devamlılık ve değişim /
Sorumluluk Tablosu, Vb Yunus Emre ; editör: Ayşegül Çakan
250 ## - EDITION TABLOSU
Baskı Beyanı 3.bs.
260 ## - YAYIN, DAĞITIM, VB
Yayın, Dağıtım, Vb Yeri İstanbul
Yayıncı, Dağıtıcı, Vs Adı Tekin Yayınevi
Yayın, Dağıtım, Vb Tarihi 2020
300 ## - FİZİKSEL TANIM
Kapsam 139 sayfa ;
Boyutlar 20 cm.
650 #0 - KONU KATMA GİRİŞ - TOPİKAL DÖNEM
9 (RLIN) 804
Topikal Süreli Veya Coğrafi Ad Giriş Elemanı Siyasi partiler
650 #0 - KONU KATMA GİRİŞ - TOPİKAL DÖNEM
9 (RLIN) 310
Topikal Süreli Veya Coğrafi Ad Giriş Elemanı CHP
650 #0 - KONU KATMA GİRİŞ - TOPİKAL DÖNEM
9 (RLIN) 812
Topikal Süreli Veya Coğrafi Ad Giriş Elemanı sol partiler
700 1# - KATMA GİRİŞ - KİŞİSEL İSİM
9 (RLIN) 2402
Kişisel Ad Çakan, Ayşegül
856 ## - ELEKTRONİK YER VE ERİŞİM
Kamu Notu Dijital Nüshası için Partimizin Kütüphane Sorumlusu ile iletişime geçiniz.
942 ## - EKLENDİ GİRİŞ ELEMANLARI (KOHA)
Sınıflandırma Veya Raf Düzeni Kaynak Dewey Decimal Classification
Koha Öğesi Türü Books
Holdings
Kalıcı Konum Mevcut Konum Edinme Tarihi Toplam Check-Out'Lar Tam Çağrı Numarası Barkod Tarih Son Görülme İtibaren Geçerli Fiyatlar Koha Öğesi Türü
CHP Kütüphanesi CHP Kütüphanesi 02/07/2024   CHP 324.209561 E56K 2020 20897 02/07/2024 02/07/2024 Books
CHP Kütüphanesi CHP Kütüphanesi 02/27/2024   CHP 324.209561 E56K 2020 21164 02/27/2024 02/27/2024 Books
CHP Kütüphanesi CHP Kütüphanesi 02/27/2024   324.209561 E56K 2020 21224 02/27/2024 02/27/2024 Books
CHP Kütüphanesi CHP Kütüphanesi 02/27/2024   324.209561 E56K 2020 21225 02/27/2024 02/27/2024 Books
CHP Kütüphanesi CHP Kütüphanesi 02/27/2024   324.209561 E56K 2020 21226 02/27/2024 02/27/2024 Books
CHP Kütüphanesi CHP Kütüphanesi 02/27/2024   324.209561 E56K 2020 21227 02/27/2024 02/27/2024 Books
CHP Kütüphanesi CHP Kütüphanesi 02/27/2024   324.209561 E56K 2020 21228 02/27/2024 02/27/2024 Books
CHP Kütüphanesi CHP Kütüphanesi 02/27/2024   324.209561 E56K 2020 21229 02/27/2024 02/27/2024 Books
CHP Kütüphanesi CHP Kütüphanesi 02/27/2024   324.209561 E56K 2020 21230 02/27/2024 02/27/2024 Books
CHP Kütüphanesi CHP Kütüphanesi 02/27/2024   324.209561 E56K 2020 21231 02/27/2024 02/27/2024 Books
CHP Kütüphanesi CHP Kütüphanesi 02/27/2024   324.209561 E56K 2020 21232 02/27/2024 02/27/2024 Books
CHP Kütüphanesi CHP Kütüphanesi 02/27/2024   324.209561 E56K 2020 21233 02/27/2024 02/27/2024 Books
CHP Kütüphanesi CHP Kütüphanesi 02/27/2024   324.209561 E56K 2020 21234 02/27/2024 02/27/2024 Books
CHP Kütüphanesi CHP Kütüphanesi 02/27/2024   324.209561 E56K 2020 21235 02/27/2024 02/27/2024 Books
CHP Kütüphanesi CHP Kütüphanesi 02/27/2024   324.209561 E56K 2020 21236 02/27/2024 02/27/2024 Books
CHP Kütüphanesi CHP Kütüphanesi 02/27/2024   324.209561 E56K 2020 21237 02/27/2024 02/27/2024 Books
Parti Okulu Kütüphanesi Parti Okulu Kütüphanesi 02/27/2024   CHP 324.209561 E56K 2020 21165 02/27/2024 02/27/2024 Books
Parti Okulu Kütüphanesi Parti Okulu Kütüphanesi 02/27/2024   CHP 324.209561 E56K 2020 21166 02/27/2024 02/27/2024 Books
Parti Okulu Kütüphanesi Parti Okulu Kütüphanesi 02/29/2024   324.209561 E56K 2020 21354 02/29/2024 02/29/2024 Books